[Event "DSOL 04 Liga Gr-C 1st"]
[Site "Playchess.com INT"]
[Date "2020.07.29"]
[Round "6.4"]
[White "Altach, Alexander"]
[Black "Wilhelm, Jens"]
[Result "1-0"]
[WhiteElo "1719"]
[BlackElo "1000"]
[PlyCount "97"]
[EventDate "2020.06.22"]
[EventType "team-tourn (rapid)"]
[EventCountry "GER"]
[SourceTitle "EXT 2021"]
[Source "ChessBase"]
[SourceDate "2020.10.23"]
[SourceVersion "1"]
[SourceVersionDate "2020.10.23"]
[SourceQuality "1"]
[WhiteTeam "Hameln"]
[BlackTeam "Erbach"]
[WhiteTeamCountry "GER"]
[BlackTeamCountry "GER"]

1. d4 d5 2. c4 Nf6 3. Nc3 e6 4. e3 Bb4 5. Bd2 0-0 6. Nf3 Bd7 7. Be2 c5 8. 0-0 cxd4 9. exd4 h6 10. a3 Ba5 11. Rc1 Nc6 12. Ne5 Nxd4 13. cxd5 Nxe2+ 14. Qxe2 Nxd5 15. Nxd5 exd5 16. Bxa5 Qxa5 17. Nxd7 Rfe8 18. Qg4 Rad8 19. Nf6+ Kh8 20. Nxe8 Rxe8 21. Rc8 Rxc8 22. Qxc8+ Kh7 23. Qxb7 d4 24. Qxf7 d3 25. Qb3 d2 26. Qd3+ g6 27. Rd1 Qe5 28. Qxd2 h5 29. h3 h4 30. Qc3 Qe2 31. Rd7+ Kh6 32. Qe3+ Qxe3 33. fxe3 Kg5 34. Rxa7 Kf5 35. Ra4 g5 36. b4 g4 37. hxg4+ Kxg4 38. b5+ Kg3 39. b6 h3 40. gxh3 Kxh3 41. b7 Kg3 42. b8Q+ Kf3 43. Qf4+ Ke2 44. Qf2+ Kd3 45. Rd4+ Kc3 46. Qd2+ Kb3 47. Qb4+ Kc2 48. Rd2+ Kc1 49. Qb2# 1-0